000 00338nam a2200133Ia 4500
008 191201s2019 xx 000 0 und d
100 _aMANTRA EDITORIAL
245 0 _aMantra Monograph Colouration of Synthetic Textile
250 _a1st
260 _aN.Delhi
_bMan Made Textile
300 _a110
650 _aB.Tech(TE)
942 _2ddc
_cBK
999 _c2519
_d2519